[Event "MARIENBAD OPEN 2020 - A, B - closed tournaments"]
[Site "?"]
[Date "2020.01.23"]
[Round "1"]
[White "Quesada Perez, Luis Ernesto"]
[Black "Makarian, Rudik"]
[Result "1/2-1/2"]
[BlackElo "2403"]
[WhiteElo "2491"]
[LiveChessVersion "1.4.8"]

1. d4 Nf6 2. c4 g6 3. Nc3 Bg7 4. e4 d6 5. f4 O-O 6. Nf3 c5 7. d5 e6 8. dxe6 Bxe6
9. Bd3 {[%clk 1:33:19]} Bg4 {[%clk 1:19:41]} 10. O-O {[%clk 1:33:19]} Nc6
{[%clk 1:20:04]} 11. h3 {[%clk 1:34:13]} Bxf3 {[%clk 1:20:23]} 12. Qxf3
{[%clk 1:34:13]} Nd4 {[%clk 1:19:37]} 13. Qf2 {[%clk 1:34:39]} Ne8
{[%clk 1:14:28]} 14. Be3 {[%clk 1:11:45]} Nc7 15. Rad1 {[%clk 1:11:55]} a6
{[%clk 1:07:36]} 16. a4 Re8 17. e5 {[%clk 0:55:24]} dxe5 {[%clk 0:44:16]} 18. f5
{[%clk 0:55:48]} e4 {[%clk 0:41:58]} 19. Bxe4 {[%clk 0:53:00]} Qf6
{[%clk 0:38:22]} 20. Bf4 {[%clk 0:47:23]} Qb6 {[%clk 0:33:55]} 21. Kh1
{[%clk 0:38:22]} gxf5 {[%clk 0:32:16]} 22. Bxf5 {[%clk 0:38:24]} Nxf5
{[%clk 0:28:38]} 23. Bxc7 {[%clk 0:37:40]} Qxc7 {[%clk 0:29:03]} 24. Qxf5
{[%clk 0:38:07]} Re5 {[%clk 0:26:48]} 25. Qg4 {[%clk 0:23:35]} Qc6
{[%clk 0:24:16]} 26. Rd7 {[%clk 0:20:48]} Qe6 {[%clk 0:19:13]} 27. Rfxf7
{[%clk 0:15:36]} Qxf7 {[%clk 0:15:12]} 28. Rxf7 {[%clk 0:16:04]} Kxf7
{[%clk 0:15:41]} 29. Ne4 {[%clk 0:16:09]} Kg8 {[%clk 0:14:02]} 30. a5
{[%clk 0:08:57]} Rf8 {[%clk 0:12:04]} 31. Kh2 {[%clk 0:09:13]} Kh8
{[%clk 0:10:43]} 32. h4 {[%clk 0:09:03]} Re7 {[%clk 0:07:15]} 33. b3
{[%clk 0:08:32]} Rf4 {[%clk 0:06:49]} 34. Qc8+ {[%clk 0:08:55]} Rf8
{[%clk 0:07:12]} 35. Qg4 {[%clk 0:09:07]} Rf4 {[%clk 0:05:24]} 36. Qc8+
{[%clk 0:09:13]} Rf8 {[%clk 0:05:14]} 37. Qg4 {[%clk 0:09:35]} Rf4
{[%clk 0:02:58]} 1/2-1/2

[Event "MARIENBAD OPEN 2020 - A, B - closed tournaments"]
[Site "?"]
[Date "2020.01.23"]
[Round "1"]
[White "Swicarz, Maciej"]
[Black "Bracker, Arne"]
[Result "1-0"]
[BlackElo "2243"]
[WhiteElo "2357"]
[LiveChessVersion "1.4.8"]

1. d4 Nf6 2. Bg5 d5 3. e3 c5 4. c3 Ne4 {[%clk 1:17:16]} 5. Bh4 {[%clk 1:27:59]}
Qb6 {[%clk 1:14:22]} 6. Qb3 {[%clk 1:22:46]} Qh6 {[%clk 1:00:38]} 7. Qxd5
{[%clk 1:18:13]} Qxh4 {[%clk 0:59:27]} 8. g3 {[%clk 1:17:14]} e6 9. Bb5+
{[%clk 1:13:55]} Ke7 {[%clk 0:35:12]} 10. Qe5 {[%clk 1:12:01]} Qg4
{[%clk 0:30:49]} 11. f3 {[%clk 1:08:34]} Qg5 {[%clk 0:28:36]} 12. Qxg5+
{[%clk 1:05:03]} Nxg5 {[%clk 0:29:00]} 13. h4 {[%clk 1:05:26]} Nxf3+
{[%clk 0:25:08]} 14. Nxf3 {[%clk 1:05:53]} a6 {[%clk 0:25:08]} 15. Bd3
{[%clk 1:05:29]} Nd7 {[%clk 0:25:03]} 16. O-O {[%clk 1:03:25]} f6
{[%clk 0:20:45]} 17. Nbd2 {[%clk 1:01:09]} g6 {[%clk 0:19:05]} 18. a4
{[%clk 0:56:11]} b6 {[%clk 0:18:52]} 19. Ne4 {[%clk 0:37:05]} Bb7
{[%clk 0:16:02]} 20. a5 {[%clk 0:34:45]} f5 {[%clk 0:16:13]} 21. Neg5
{[%clk 0:32:52]} b5 {[%clk 0:15:40]} 22. Rae1 {[%clk 0:31:59]} h6
{[%clk 0:12:07]} 23. Nh3 {[%clk 0:32:23]} Kf7 {[%clk 0:11:21]} 24. e4
{[%clk 0:31:18]} Bd6 {[%clk 0:11:15]} 25. exf5 {[%clk 0:25:24]} exf5
{[%clk 0:09:49]} 26. h5 {[%clk 0:17:09]} Bxg3 {[%clk 0:05:38]} 27. hxg6+
{[%clk 0:17:19]} Kf6 {[%clk 0:05:29]} 28. Ne5 {[%clk 0:12:43]} Nxe5
{[%clk 0:05:37]} 29. dxe5+ {[%clk 0:10:30]} Kxg6 {[%clk 0:03:31]} 30. Re3
{[%clk 0:09:34]} Bh4 {[%clk 0:03:40]} 31. Rxf5 {[%clk 0:09:02]} Kg7
{[%clk 0:02:40]} 32. Nf4 {[%clk 0:09:01]} Rhg8 {[%clk 0:01:53]} 33. Rh3
{[%clk 0:06:38]} Kh8+ {[%clk 0:01:15]} 34. Kf1 {[%clk 0:06:23]} Bg5
{[%clk 0:01:04]} 35. Ne6 {[%clk 0:03:13]} Bc1 {[%clk 0:00:36]} 36. Rh2
{[%clk 0:02:52]} Rge8 {[%clk 0:00:39]} 37. Nxc5 {[%clk 0:01:13]} Bd5
{[%clk 0:01:07]} 38. Be4 {[%clk 0:00:58]} Rf8 {[%clk 0:01:15]} 39. Rf6
{[%clk 0:00:51]} Bc4+ {[%clk 0:01:25]} 40. Ke1 {[%clk 0:00:42]} Rae8
{[%clk 0:00:45]} 41. Rhxh6+ {[%clk 0:22:25]} Bxh6 {[%clk 0:29:48]} 42. Rxh6+
{[%clk 0:22:53]} Kg7 {[%clk 0:23:44]} 43. Rg6+ {[%clk 0:22:23]} Kh8
{[%clk 0:13:24]} 44. Nd7 {[%clk 0:16:23]} Rf1+ {[%clk 0:12:06]} 45. Kd2
{[%clk 0:16:52]} Rd8 {[%clk 0:06:35]} 46. Rd6 {[%clk 0:16:56]} Rf2+
{[%clk 0:06:23]} 47. Ke3 {[%clk 0:16:46]} Rxb2 {[%clk 0:05:47]} 48. Bf5
{[%clk 0:13:14]} Kg7 {[%clk 0:01:51]} 49. Rxa6 {[%clk 0:12:00]} Re2+
{[%clk 0:01:06]} 50. Kf3 {[%clk 0:11:40]} Re1 {[%clk 0:01:02]} 51. Rd6
{[%clk 0:09:18]} Rf1+ {[%clk 0:00:45]} 52. Ke4 {[%clk 0:09:27]} Re1+
{[%clk 0:00:56]} 53. Kd4 {[%clk 0:09:34]} Rf1 {[%clk 0:00:41]} 54. Nb6
{[%clk 0:03:40]} Rxd6+ {[%clk 0:00:42]} 55. exd6 {[%clk 0:04:09]} Rxf5
{[%clk 0:01:03]} 56. a6 {[%clk 0:04:29]} Rf6 {[%clk 0:00:42]} 57. Kc5
{[%clk 0:02:39]} Rf5+ {[%clk 0:01:10]} 58. Kc6 {[%clk 0:02:16]} b4
{[%clk 0:01:31]} 59. a7 {[%clk 0:01:25]} Bb5+ {[%clk 0:00:55]} 60. Kc7
{[%clk 0:01:24]} Rc5+ {[%clk 0:00:31]} 61. Kb8 {[%clk 0:01:34]} Rf5
{[%clk 0:00:32]} 62. cxb4 {[%clk 0:00:49]} Bc6 {[%clk 0:01:00]} 63. Kc7
{[%clk 0:01:00]} Be4 {[%clk 0:00:49]} 64. d7 {[%clk 0:01:13]} Rf7
{[%clk 0:01:02]} 65. Kc8 {[%clk 0:01:23]} Bf5 {[%clk 0:00:39]} 66. a8=Q
{[%clk 0:01:27]} Rf8+ {[%clk 0:00:31]} 67. Kc7 {[%clk 0:01:49]} 1-0

[Event "MARIENBAD OPEN 2020 - A, B - closed tournaments"]
[Site "?"]
[Date "2020.01.23"]
[Round "1"]
[White "Siddharth, Jagadeesh"]
[Black "Baenziger, Fabian"]
[Result "1/2-1/2"]
[BlackElo "2412"]
[WhiteElo "2301"]
[LiveChessVersion "1.4.8"]

1. d4 d5 2. c4 dxc4 3. e3 Nf6 4. Bxc4 e6 5. Nf3 c5 6. O-O a6 7. a4 Nc6 8. Qe2
cxd4 9. Rd1 Be7 10. exd4 O-O 11. Nc3 Nb4 {[%clk 1:27:02]} 12. Bg5
{[%clk 1:32:14]} Bd7 {[%clk 1:25:36]} 13. Ne5 {[%clk 1:31:32]} Rc8
{[%clk 1:17:54]} 14. Bb3 {[%clk 1:21:08]} Be8 {[%clk 1:10:43]} 15. Qf3
{[%clk 1:11:12]} Nc6 {[%clk 1:07:57]} 16. Ne2 Nd5 {[%clk 0:56:06]} 17. Bd2
{[%clk 0:53:47]} Ndb4 {[%clk 0:47:24]} 18. Qg4 {[%clk 0:49:06]} Na5
{[%clk 0:44:26]} 19. Bxb4 {[%clk 0:41:06]} Bxb4 {[%clk 0:37:58]} 20. Ba2
{[%clk 0:39:39]} Bd6 {[%clk 0:29:59]} 21. Nf4 {[%clk 0:31:09]} Rc7
{[%clk 0:30:03]} 22. Rd3 {[%clk 0:28:56]} Nc6 {[%clk 0:26:56]} 23. Re1
{[%clk 0:13:24]} Bxe5 {[%clk 0:20:51]} 24. dxe5 {[%clk 0:13:47]} Nxe5
{[%clk 0:21:05]} 25. Qxg7+ {[%clk 0:14:15]} Kxg7 {[%clk 0:21:28]} 26. Rxd8
{[%clk 0:14:41]} Bxa4 {[%clk 0:18:53]} 27. Nh5+ {[%clk 0:14:49]} Kg8
{[%clk 0:19:15]} 1/2-1/2

[Event "MARIENBAD OPEN 2020 - A, B - closed tournaments"]
[Site "?"]
[Date "2020.01.23"]
[Round "1"]
[White "Stigar, Petter"]
[Black "Plischki, Sebastian"]
[Result "1/2-1/2"]
[BlackElo "2387"]
[WhiteElo "2217"]
[LiveChessVersion "1.4.8"]

1. Nf3 d5 2. d4 Nf6 3. c4 c6 4. e3 Bf5 5. Bd3 {[%clk 1:26:22]} Bxd3
{[%clk 1:30:10]} 6. Qxd3 {[%clk 1:26:50]} e6 {[%clk 1:30:33]} 7. Nc3
{[%clk 1:26:57]} Bb4 {[%clk 1:29:32]} 8. Bd2 {[%clk 1:25:13]} O-O
{[%clk 1:29:00]} 9. O-O {[%clk 1:25:32]} a5 {[%clk 1:28:23]} 10. a3
{[%clk 1:20:03]} Bxc3 {[%clk 1:28:02]} 11. bxc3 {[%clk 1:19:53]} Nbd7
{[%clk 1:25:08]} 12. cxd5 {[%clk 1:17:46]} cxd5 {[%clk 1:23:36]} 13. c4
{[%clk 1:16:37]} Nb6 {[%clk 1:19:00]} 14. cxd5 {[%clk 1:14:41]} Qxd5
{[%clk 1:14:48]} 15. Ne5 {[%clk 1:02:47]} Rfd8 {[%clk 1:09:59]} 16. Rfb1 Qxe5
{[%clk 0:52:37]} 17. Rxb6 {[%clk 0:53:45]} Qc7 {[%clk 0:51:52]} 18. Rab1
{[%clk 0:52:40]} Ra7 {[%clk 0:51:16]} 19. e4 {[%clk 0:32:42]} Nd7
{[%clk 0:49:18]} 20. R6b5 {[%clk 0:31:58]} b6 {[%clk 0:48:35]} 21. Be3
{[%clk 0:28:03]} Raa8 {[%clk 0:43:45]} 22. d5 {[%clk 0:21:28]} exd5
{[%clk 0:41:15]} 23. exd5 {[%clk 0:16:28]} Qd6 {[%clk 0:39:58]} 24. Bxb6
{[%clk 0:15:21]} Nxb6 {[%clk 0:39:32]} 25. Rxb6 {[%clk 0:15:40]} Qxd5
{[%clk 0:39:54]} 26. Qxd5 1/2-1/2

[Event "MARIENBAD OPEN 2020 - A, B - closed tournaments"]
[Site "?"]
[Date "2020.01.23"]
[Round "1"]
[White "Sernecki, Franciszek"]
[Black "Tymrakiewicz, Rafal"]
[Result "1-0"]
[BlackElo "2254"]
[WhiteElo "2204"]
[LiveChessVersion "1.4.8"]

1. d4 g6 2. c4 Bg7 3. e4 {[%clk 1:25:43]} d6 {[%clk 1:14:03]} 4. Nf3
{[%clk 1:14:46]} e5 {[%clk 1:10:32]} 5. Nc3 {[%clk 1:10:22]} exd4 6. Nxd4
{[%clk 1:09:19]} Nf6 {[%clk 0:55:55]} 7. Be2 {[%clk 1:09:24]} O-O
{[%clk 0:56:02]} 8. O-O {[%clk 1:09:21]} Re8 {[%clk 0:53:28]} 9. f3
{[%clk 1:09:36]} Nc6 {[%clk 0:40:42]} 10. Be3 {[%clk 1:09:12]} Nd7
{[%clk 0:30:29]} 11. Qd2 {[%clk 0:50:45]} Nde5 {[%clk 0:28:25]} 12. Rad1
{[%clk 0:46:24]} Bd7 {[%clk 0:12:51]} 13. Kh1 {[%clk 0:29:22]} a6
{[%clk 0:09:57]} 14. b3 {[%clk 0:28:06]} Rc8 {[%clk 0:07:48]} 15. Nc2
{[%clk 0:24:09]} b6 {[%clk 0:05:52]} 16. Nd5 {[%clk 0:17:33]} f6 {[%clk 0:05:50]}
17. h3 {[%clk 0:09:11]} Nf7 {[%clk 0:05:33]} 18. g4 {[%clk 0:08:11]} a5
{[%clk 0:04:20]} 19. Kh2 {[%clk 0:07:01]} Ng5 {[%clk 0:03:18]} 20. Qe1
{[%clk 0:04:47]} Ne6 {[%clk 0:02:51]} 21. Qg3 {[%clk 0:04:05]} Nc5
{[%clk 0:02:40]} 22. Kh1 {[%clk 0:02:31]} Be6 {[%clk 0:02:26]} 23. Bc1
{[%clk 0:02:09]} Rf8 {[%clk 0:01:44]} 24. Bb2 {[%clk 0:01:47]} Ra8
{[%clk 0:01:07]} 25. Qg2 {[%clk 0:01:22]} Re8 {[%clk 0:01:21]} 26. Rde1
{[%clk 0:01:00]} Bxd5 {[%clk 0:00:37]} 27. cxd5 {[%clk 0:01:13]} Nb4
{[%clk 0:01:06]} 28. Nd4 {[%clk 0:00:48]} Nbd3 {[%clk 0:01:15]} 29. Bxd3
{[%clk 0:00:51]} Nxd3 {[%clk 0:01:43]} 30. Rd1 {[%clk 0:01:03]} Nxb2
{[%clk 0:01:32]} 31. Qxb2 {[%clk 0:01:32]} f5 {[%clk 0:01:35]} 32. gxf5
{[%clk 0:01:21]} Qh4 {[%clk 0:01:00]} 33. Qg2 {[%clk 0:00:59]} Bxd4
{[%clk 0:00:59]} 34. Rxd4 {[%clk 0:00:59]} Kf7 {[%clk 0:01:08]} 35. Rc4
{[%clk 0:00:56]} Qe7 {[%clk 0:00:42]} 36. Rfc1 {[%clk 0:00:53]} Ra7
{[%clk 0:00:37]} 37. fxg6+ {[%clk 0:00:48]} hxg6 {[%clk 0:01:06]} 38. Rg1
{[%clk 0:00:55]} Qf6 {[%clk 0:01:04]} 39. Rc2 {[%clk 0:00:39]} Rh8
{[%clk 0:01:09]} 40. f4 {[%clk 0:00:42]} Kf8 {[%clk 0:01:03]} 41. Rf2
{[%clk 0:00:33]} c5 {[%clk 0:24:56]} 42. dxc6 {[%clk 0:15:54]} Qc3
{[%clk 0:18:04]} 43. Rf3 {[%clk 0:12:40]} Qxc6 {[%clk 0:17:37]} 44. Qxg6
{[%clk 0:08:47]} Rah7 {[%clk 0:14:39]} 45. Kh2 {[%clk 0:07:53]} Qd7
{[%clk 0:10:55]} 46. Qf6+ {[%clk 0:06:02]} Ke8 {[%clk 0:11:11]} 47. f5
{[%clk 0:06:04]} Rf8 {[%clk 0:08:59]} 48. Qg6+ {[%clk 0:06:05]} Kd8
{[%clk 0:06:46]} 49. Rd1 {[%clk 0:05:25]} Kc8 {[%clk 0:02:29]} 50. Rc3+
{[%clk 0:04:52]} Kb8 {[%clk 0:01:33]} 51. Rxd6 {[%clk 0:04:30]} Qb5
{[%clk 0:00:32]} 52. Rxb6+ {[%clk 0:04:48]} 1-0

[Event "MARIENBAD OPEN 2020 - A, B - closed tournaments"]
[Site "?"]
[Date "2020.01.23"]
[Round "1"]
[White "Steiner, Bruno"]
[Black "Abhilash, Reddy M.L."]
[Result "1-0"]
[BlackElo "2258"]
[WhiteElo "2117"]
[LiveChessVersion "1.4.8"]

1. d4 d5 2. Bf4 c5 3. e3 Nc6 4. c3 Qb6 5. Qb3 c4 6. Qc2 g6 {[%clk 1:30:13]} 7.
Nd2 {[%clk 1:26:43]} Nf6 {[%clk 1:29:52]} 8. e4 {[%clk 1:25:12]} Nxe4
{[%clk 1:21:55]} 9. Nxe4 {[%clk 1:17:47]} dxe4 {[%clk 1:21:36]} 10. Bxc4
{[%clk 1:16:09]} Bg7 {[%clk 1:21:56]} 11. Be3 {[%clk 1:13:45]} Na5
{[%clk 1:14:05]} 12. Bd5 {[%clk 0:43:43]} f5 {[%clk 0:59:29]} 13. b4
{[%clk 0:36:49]} Nc6 {[%clk 0:57:34]} 14. Ne2 {[%clk 0:32:41]} Qc7
{[%clk 0:47:43]} 15. O-O {[%clk 0:30:53]} e6 {[%clk 0:43:05]} 16. Bf4
{[%clk 0:27:38]} Qe7 {[%clk 0:35:54]} 17. Bb3 {[%clk 0:25:16]} O-O
{[%clk 0:30:55]} 18. f3 {[%clk 0:23:10]} exf3 {[%clk 0:25:59]} 19. Rxf3
{[%clk 0:23:23]} Kh8 {[%clk 0:26:02]} 20. Rg3 {[%clk 0:23:25]} e5
{[%clk 0:22:58]} 21. dxe5 {[%clk 0:22:44]} Bxe5 {[%clk 0:20:30]} 22. Rd1
{[%clk 0:15:11]} Qc7 {[%clk 0:12:38]} 23. Qd2 {[%clk 0:14:33]} Re8
{[%clk 0:07:54]} 24. Bxe5+ {[%clk 0:10:42]} Nxe5 {[%clk 0:07:29]} 25. Nf4
{[%clk 0:10:18]} Qb6+ {[%clk 0:05:43]} 26. Kh1 {[%clk 0:08:09]} Ng4
{[%clk 0:04:26]} 27. Rxg4 {[%clk 0:07:46]} fxg4 {[%clk 0:04:32]} 28. Nd5
{[%clk 0:08:03]} Rd8 {[%clk 0:02:41]} 29. Qf4 {[%clk 0:07:33]} 1-0

[Event "MARIENBAD OPEN 2020 - A, B - closed tournaments"]
[Site "?"]
[Date "2020.01.23"]
[Round "1"]
[White "Roesemann, Rainer"]
[Black "Vagman, Roy"]
[Result "0-1"]
[BlackElo "2089"]
[WhiteElo "2231"]
[LiveChessVersion "1.4.8"]

1. d4 Nf6 2. Bf4 d5 3. e3 c5 4. c3 Nc6 5. Nd2 Bf5 6. Qb3 Qc8 7. Ngf3 c4 8. Qd1 h6
9. b3 b5 10. Ne5 e6 11. bxc4 dxc4 12. Bxc4 Nxe5 13. dxe5 bxc4 14. exf6 Bd3 15.
Be5 gxf6 16. Bxf6 Rg8 17. Qf3 Rb8 18. h4 Qb7 19. Rd1 Qxf3 20. gxf3 Ba3 21. Ne4
Rg2 22. Rxd3 cxd3 23. Kd2 Be7 24. Kxd3 Bxf6 25. Nxf6+ Ke7 26. Ng4 h5 27. Ne5 Rb2
28. a4 Rgxf2 29. f4 a6 30. Kc4 Rfe2 31. Rd1 Rxe3 32. Rd7+ Ke8 33. Ra7 Re4+ 34.
Kc5 Rxf4 35. Rxa6 Rf5 36. Kd4 Rd2+ 37. Ke3 Rh2 38. Ra8+ Ke7 39. Ra7+ Kf8 40. Nd7+
Kg7 41. c4 Rh3+ 42. Kd4 Rxh4+ 43. Kc3 Rh3+ 44. Kb4 Rh1 45. c5 Rb1+ 46. Ka5 h4 47.
Ka6 h3 48. c6 h2 49. c7 h1=Q 50. Nb6 Qc6 0-1

[Event "MARIENBAD OPEN 2020 - A, B - closed tournaments"]
[Site "?"]
[Date "2020.01.23"]
[Round "1"]
[White "Grabarczyk, Miroslaw"]
[Black "Michalek, Jan"]
[Result "1/2-1/2"]
[BlackElo "2251"]
[WhiteElo "2366"]
[LiveChessVersion "1.4.8"]

1. d4 Nf6 2. c4 g6 3. Nf3 Bg7 4. g3 c5 5. d5 {[%clk 1:27:37]} b5 {[%clk 1:29:33]}
6. Bg2 {[%clk 1:25:19]} d6 {[%clk 1:29:15]} 7. O-O {[%clk 1:22:28]} O-O
{[%clk 1:28:32]} 8. cxb5 {[%clk 1:21:27]} a6 {[%clk 1:28:56]} 9. bxa6
{[%clk 1:21:11]} Nbd7 {[%clk 1:28:42]} 10. Nc3 {[%clk 1:20:32]} Nb6
{[%clk 1:29:05]} 11. Ne1 {[%clk 1:16:59]} Nfd7 {[%clk 1:20:58]} 12. Nc2
{[%clk 1:12:08]} Nc4 {[%clk 1:18:20]} 13. Ne3 {[%clk 0:58:35]} Nde5
{[%clk 1:16:56]} 14. Qc2 {[%clk 0:46:00]} Qa5 {[%clk 1:12:10]} 15. a3
{[%clk 0:30:21]} 1/2-1/2

[Event "MARIENBAD OPEN 2020 - A, B - closed tournaments"]
[Site "?"]
[Date "2020.01.23"]
[Round "1"]
[White "Sharma, Isha"]
[Black "Tancsa, Tamas"]
[Result "1-0"]
[BlackElo "2193"]
[WhiteElo "2169"]
[LiveChessVersion "1.4.8"]

1. e4 e5 2. Nf3 Nc6 3. Bc4 Nf6 4. d3 h6 5. O-O d6 6. d4 Bg4 7. dxe5 dxe5 8. Nbd2
Qd7 {[%clk 1:23:36]} 9. Bb5 {[%clk 1:29:40]} Bd6 {[%clk 1:13:38]} 10. c3
{[%clk 1:29:18]} O-O {[%clk 1:06:55]} 11. h3 {[%clk 1:25:51]} Bh5
{[%clk 1:07:07]} 12. Re1 {[%clk 1:26:05]} a6 {[%clk 1:03:38]} 13. Ba4
{[%clk 1:24:00]} b5 {[%clk 1:01:13]} 14. Bc2 {[%clk 1:24:12]} Rad8
{[%clk 0:57:19]} 15. Nf1 {[%clk 1:23:59]} Bc5 {[%clk 0:43:06]} 16. Qe2
{[%clk 1:23:28]} g5 {[%clk 0:25:13]} 17. Ng3 {[%clk 1:21:55]} Bg6
{[%clk 0:24:02]} 18. a4 {[%clk 1:21:07]} Rb8 {[%clk 0:12:04]} 19. axb5
{[%clk 1:18:37]} axb5 {[%clk 0:11:55]} 20. Ra6 {[%clk 1:18:47]} Bb6
{[%clk 0:10:37]} 21. Bd3 {[%clk 1:14:15]} b4 {[%clk 0:06:28]} 22. Bb5
{[%clk 1:14:17]} Rfe8 {[%clk 0:05:27]} 23. c4 {[%clk 1:10:18]} Re6
{[%clk 0:01:16]} 24. Nf5 {[%clk 1:10:06]} Kh7 {[%clk 0:00:35]} 25. Rd1
{[%clk 1:06:01]} Qe8 {[%clk 0:00:37]} 26. Bxg5 {[%clk 1:06:11]} hxg5
{[%clk 0:00:57]} 27. Nxg5+ {[%clk 1:06:37]} Kh8 {[%clk 0:00:36]} 28. c5
{[%clk 1:05:46]} Bxf5 {[%clk 0:00:31]} 29. cxb6 {[%clk 1:04:02]} Rxb6
{[%clk 0:00:34]} 30. Rxb6 {[%clk 1:04:09]} cxb6 {[%clk 0:01:03]} 31. exf5
{[%clk 1:04:28]} Re7 {[%clk 0:01:08]} 32. Qc4 {[%clk 1:04:01]} Na5
{[%clk 0:00:37]} 33. Qh4+ {[%clk 1:04:24]} 1-0

[Event "MARIENBAD OPEN 2020 - A, B - closed tournaments"]
[Site "?"]
[Date "2020.01.23"]
[Round "1"]
[White "Marszalek, Maciej"]
[Black "Vetokhin, Savva"]
[Result "1/2-1/2"]
[BlackElo "2113"]
[WhiteElo "2314"]
[LiveChessVersion "1.4.8"]

1. d4 Nf6 2. c4 e6 3. g3 d5 4. Nf3 dxc4 5. Bg2 a6 6. O-O Nc6 7. Qc2
{[%clk 1:26:00]} b5 {[%clk 1:19:04]} 8. Ne5 {[%clk 1:17:24]} Nxe5
{[%clk 1:19:16]} 9. Bxa8 {[%clk 0:44:36]} Qxd4 {[%clk 1:19:31]} 10. Bf4
{[%clk 0:40:52]} Bd6 {[%clk 1:15:50]} 11. Qc3 {[%clk 0:36:59]} Qxc3
{[%clk 1:15:06]} 12. Nxc3 {[%clk 0:37:18]} Ng6 {[%clk 1:15:15]} 13. Bg5
{[%clk 0:33:47]} Be5 {[%clk 1:12:58]} 14. Bc6+ {[%clk 0:32:17]} Ke7
{[%clk 1:13:18]} 15. Rfd1 {[%clk 0:31:50]} h6 {[%clk 1:10:23]} 16. Be3
{[%clk 0:27:47]} Bd7 {[%clk 1:09:45]} 17. Bxd7 {[%clk 0:25:24]} Nxd7
{[%clk 1:10:13]} 18. Rd2 {[%clk 0:25:27]} Nf6 {[%clk 1:06:43]} 19. Rad1
{[%clk 0:24:36]} Bd6 {[%clk 1:07:01]} 20. Bd4 {[%clk 0:22:19]} e5
{[%clk 1:07:01]} 21. Be3 {[%clk 0:22:36]} Ke6 {[%clk 1:06:56]} 22. f3
{[%clk 0:21:44]} Ne7 {[%clk 1:06:32]} 23. Bf2 {[%clk 0:21:42]} Nc6
{[%clk 1:04:10]} 24. Kg2 {[%clk 0:21:34]} Bb4 {[%clk 1:03:33]} 25. Rc2
{[%clk 0:21:00]} Rb8 {[%clk 0:58:08]} 26. b3 {[%clk 0:17:29]} Bxc3
{[%clk 0:56:29]} 27. Rxc3 {[%clk 0:17:58]} Na5 {[%clk 0:56:46]} 28. Rcc1
{[%clk 0:16:51]} Nd5 {[%clk 0:54:16]} 29. e4 {[%clk 0:16:18]} Nb6
{[%clk 0:54:08]} 30. f4 {[%clk 0:15:11]} Rb7 {[%clk 0:53:03]} 31. Be1
{[%clk 0:10:45]} Nc6 {[%clk 0:53:18]} 32. Bf2 {[%clk 0:11:07]} Na5
{[%clk 0:52:42]} 33. Be1 {[%clk 0:08:34]} Nc6 {[%clk 0:53:00]} 34. Bf2
{[%clk 0:08:46]} Nb4 {[%clk 0:50:36]} 35. f5+ {[%clk 0:06:37]} Kf6
{[%clk 0:50:49]} 36. Bxb6 {[%clk 0:06:40]} Rxb6 {[%clk 0:51:14]} 37. bxc4
{[%clk 0:06:34]} Nxa2 {[%clk 0:51:43]} 38. Rc2 {[%clk 0:06:22]} Nb4
{[%clk 0:52:08]} 39. Rcc1 {[%clk 0:06:42]} Na2 {[%clk 0:50:41]} 40. Rc2
{[%clk 0:06:59]} Nb4 {[%clk 0:51:06]} 41. Rcc1 {[%clk 0:05:32]} Na2
{[%clk 0:48:22]} 1/2-1/2

[Event "MARIENBAD OPEN 2020 - A, B - closed tournaments"]
[Site "?"]
[Date "2020.01.23"]
[Round "1"]
[White "Strebkovs, Andrejs"]
[Black "Jurek, Josef"]
[Result "1/2-1/2"]
[BlackElo "2235"]
[WhiteElo "2278"]
[LiveChessVersion "1.4.8"]

1. d4 Nf6 2. c4 e6 3. Nf3 b6 4. g3 Ba6 5. b3 Bb4+ 6. Bd2 Be7 7. Bg2 c6 8. Bc3 d5
9. Ne5 Nfd7 10. Nxd7 Nxd7 11. Nd2 O-O 12. O-O Nf6 13. Re1 Rb8 14. e4 b5 15. e5
Nd7 16. c5 b4 17. Bb2 Bd3 18. Nf1 Bg6 19. Ne3 f6 20. f4 fxe5 21. fxe5 Bg5 22. h4
Bxe3+ 23. Rxe3 Rb7 24. a3 bxa3 25. Rxa3 Qe7 26. Qe1 Bh5 27. b4 Bg4 28. Bc3 Qf7
29. Ra2 Qg6 30. Qa1 Qf5 31. Qf1 Qg6 32. Rf2 Rxf2 33. Qxf2 Nf8 34. Re1 Rf7 35. Qe3
Qc2 36. Rf1 Rxf1+ 37. Bxf1 Bf5 38. Qd2 Qb1 39. Kf2 Ng6 40. Qb2 Qe4 41. h5 Nf4 42.
gxf4 Qxf4+ 43. Kg1 Qe3+ 44. Kh2 Qf4+ 45. Kg1 Qe3+ 46. Kh2 1/2-1/2

[Event "MARIENBAD OPEN 2020 - A, B - closed tournaments"]
[Site "?"]
[Date "2020.01.23"]
[Round "1"]
[White "Hilwerda, Jonas"]
[Black "Vatsal, Singhania"]
[Result "0-1"]
[BlackElo "2230"]
[WhiteElo "2230"]
[LiveChessVersion "1.4.8"]

1. e4 c5 2. Nf3 d6 3. d4 cxd4 4. Nxd4 Nf6 5. Nc3 Nc6 6. Bc4 Qb6 7. Nb3 a6 8. O-O
e6 9. a4 {[%clk 1:24:48]} Qc7 {[%clk 1:23:54]} 10. Be3 {[%clk 1:20:10]} b6
{[%clk 1:22:51]} 11. f3 {[%clk 1:09:00]} Be7 {[%clk 1:23:01]} 12. Qd2
{[%clk 1:01:47]} O-O {[%clk 1:21:44]} 13. Qf2 {[%clk 0:55:43]} Rb8
{[%clk 1:21:49]} 14. g4 {[%clk 0:52:50]} Nb4 {[%clk 1:18:44]} 15. Bd3
{[%clk 0:51:49]} Nd7 {[%clk 1:17:01]} 16. a5 {[%clk 0:42:59]} b5 {[%clk 1:15:12]}
17. Rfc1 {[%clk 0:40:09]} Nc5 {[%clk 1:13:18]} 18. Be2 {[%clk 0:36:56]} Bb7
{[%clk 1:11:26]} 19. Nxc5 {[%clk 0:25:06]} dxc5 {[%clk 1:11:45]} 20. f4
{[%clk 0:23:26]} Nc6 {[%clk 1:10:08]} 21. f5 {[%clk 0:20:38]} Nd4
{[%clk 1:08:54]} 22. Bf3 {[%clk 0:15:22]} Nxf3+ {[%clk 1:08:07]} 23. Qxf3
{[%clk 0:15:51]} Rbd8 {[%clk 1:05:55]} 24. Bf4 {[%clk 0:13:44]} Bd6
{[%clk 1:03:18]} 25. Bxd6 {[%clk 0:10:11]} Qxd6 {[%clk 1:03:43]} 26. Rd1
{[%clk 0:09:43]} Qe5 {[%clk 1:04:00]} 27. fxe6 {[%clk 0:09:23]} fxe6
{[%clk 1:02:50]} 28. Rxd8 {[%clk 0:09:37]} Rxd8 {[%clk 1:02:33]} 29. Rf1
{[%clk 0:09:19]} Qc7 {[%clk 1:02:35]} 30. Ne2 {[%clk 0:09:24]} Qe7
{[%clk 0:59:25]} 31. Ng3 {[%clk 0:07:39]} Bc6 {[%clk 0:53:49]} 32. Qf4
{[%clk 0:04:39]} h6 {[%clk 0:52:26]} 33. Qe5 {[%clk 0:03:53]} Qd6
{[%clk 0:51:31]} 34. Qh5 {[%clk 0:02:34]} Qd4+ {[%clk 0:51:54]} 35. Kg2
{[%clk 0:02:38]} Bxe4+ {[%clk 0:51:53]} 36. Kh3 {[%clk 0:03:06]} Qe3
{[%clk 0:43:21]} 37. Qf7+ {[%clk 0:02:14]} Kh7 {[%clk 0:43:32]} 38. Qf2
{[%clk 0:00:57]} Qxf2 {[%clk 0:42:14]} 39. Rxf2 {[%clk 0:01:26]} Bg6
{[%clk 0:42:38]} 40. Re2 {[%clk 0:01:28]} Rd6 {[%clk 0:43:04]} 41. c3
{[%clk 0:22:00]} Kg8 {[%clk 1:13:28]} 42. Kg2 {[%clk 0:21:17]} Kf7
{[%clk 1:13:30]} 43. Kf2 {[%clk 0:17:42]} Rd5 {[%clk 1:13:21]} 44. h4
{[%clk 0:16:22]} b4 {[%clk 1:12:16]} 45. Nf1 {[%clk 0:15:40]} Bd3
{[%clk 1:12:04]} 46. Re3 {[%clk 0:14:35]} Bxf1 {[%clk 1:12:28]} 47. Kxf1
{[%clk 0:14:17]} Rd1+ {[%clk 1:12:53]} 48. Ke2 {[%clk 0:13:20]} Rb1
{[%clk 1:13:19]} 49. Re5 {[%clk 0:13:21]} Rxb2+ {[%clk 1:13:45]} 50. Kd3
{[%clk 0:13:24]} Rb3 {[%clk 1:14:10]} 51. Rxc5 {[%clk 0:13:40]} Rxc3+
{[%clk 1:14:28]} 52. Rxc3 {[%clk 0:13:58]} bxc3 {[%clk 1:14:55]} 53. Kxc3
{[%clk 0:14:21]} e5 {[%clk 1:15:21]} 54. Kc4 {[%clk 0:14:39]} Ke6
{[%clk 1:15:17]} 55. Kc5 {[%clk 0:14:38]} g6 {[%clk 1:15:00]} 56. Kc4
{[%clk 0:12:38]} Kd6 {[%clk 1:15:23]} 57. h5 {[%clk 0:12:11]} g5 {[%clk 1:15:47]}
0-1